| 000 | 01154nam a2200241Ia 4500 | ||
|---|---|---|---|
| 003 | Ost | ||
| 005 | 20260507075355.0 | ||
| 008 | 260507s9999||||xx |||||||||||||| ||und|| | ||
| 020 | _a57291699579 | ||
| 040 | _cfsecg | ||
| 041 | _aara | ||
| 082 | _a330 | ||
| 100 |
_aالدماغ، زياد جلال _eمؤلف |
||
| 245 | 0 |
_aالصكوك الإسلامية ودورها في التنمية الإقتصادية / _c زياد جلال الدماغ |
|
| 260 |
_aعمان: _bدار الثقافة للنشر والتوزيع, _c2012 |
||
| 300 |
_a317 صفحة؛ _bإيضاحات ؛ _c25 سم |
||
| 504 | _aالمراجع ص.289 | ||
| 520 | _aالصكوك الإسلامية في النظام الإقتصادي الإسلامي- الاهداف والأولويات- الصكوك الإسلامية من المنظور الإسلامي- تطبيقات الصكوك الإسلامية- التطبيقات في القطاعات الإقتصادية- التجربة الماليزية المعاصرة | ||
| 653 | _aالإقتصاد الإسلامي | ||
| 653 | _aالتنمية الإقتصادية | ||
| 653 | _aالشيكات | ||
| 942 | _cكتاب | ||
| 999 |
_c44203 _d44203 |
||